| 000 | 00586nam a2200217 i 4500 | ||
|---|---|---|---|
| 001 | bg | ||
| 100 | 1 | _aWIECH, Kazimierz | |
| 245 | 1 | 0 |
_aPożyteczne owady i inne zwierzęta / _cKazimierz Wiech. |
| 260 |
_aPoznań : _b"Medix Plus", _ccop.1997. |
||
| 300 |
_a115, [1] s. : _bfot. kolor. ; _c21 cm. |
||
| 504 | _aIndeks. | ||
| 650 | 9 |
_aOwady szkodliwe _xzwalczanie _xmetody |
|
| 650 | 9 |
_aRośliny _xochrona _xmetody |
|
| 020 | _a8390567253 | ||
| 040 | _cBPK | ||
| 041 | 0 | _apl | |
| 080 | _a632 | ||
| 920 | _a83-905672-5-3 | ||
| 942 | _cKS | ||
| 008 | s pl f |000 0 pol | ||
| 999 |
_c36707 _d36707 |
||
| 856 |
_uhttp://koha.tu.koszalin.pl/cgi-bin/koha/opac-detail.pl?biblionumber=36707 _yKatalog online BPK |
||